| 000 | 00755nam a2200253 i 4500 | ||
|---|---|---|---|
| 001 | 19093 | ||
| 003 | ES-MaACL | ||
| 005 | 20230906152009.0 | ||
| 007 | t| | ||
| 008 | 020527s2001 sp ||||1| spa d | ||
| 020 | _a84-350-6601-0 | ||
| 080 | _a821.134.2.09"19" | ||
| 100 | 1 |
_aGracia, Jordi. _959459 |
|
| 245 | 1 | 0 |
_aHijos de la razón _b: contraluces de la libertad en las letras españolas de la democracia / _cJordi Gracia. |
| 250 | _a1ª ed. | ||
| 260 |
_aBarcelona : _bEdhasa, _c2001. |
||
| 300 |
_a285 p. ; _c23 cm. |
||
| 490 | 1 | _aEl Puente | |
| 500 | _aIndice. | ||
| 650 | 4 |
_aLiteratura española- _yS.XX- _xHistoria y crítica. _9141686 |
|
| 830 | 0 |
_aEl Puente _9180983 |
|
| 852 |
_aES-MaACL _jL-25559 _bR.130818 |
||
| 999 |
_c19093 _d19093 |
||